00755nam a22002177a 450000500170000001000150001702000260003203500140005803700130007208200130008510000230009824501400012125000170026126000420027827000840032030000350040450000310043970000220047070000260049270000190051820201008121847.0 aENG-128515 c695.00a9789389538311 aEN-112047 bDBAD/PUB a658.1511 aAnthony, Robert N. aAccounting: Text & Cases The Financial Accounting Chapters/cBy Robert N. Anthony, David Hawkins, Kenneth A. Merchant and Prakash Singh a13th edition aChennaibMc Graw Hill Educationc2020 a444/1 Sri Ekambara Naicker Industrial Estate, Alapakkam, PorurbChennaie600116 axxiv, 480p.c25cm(pbk)bTables aIncludes Index, Appendics  aHawkins, David F. aMerchant, Kenneth A.  aSingh, Prakash